[Event "Int. Stuttgarter Stadtmeisterschaft B"]
[Site "Ditzingen"]
[Date "2016.05.06"]
[Round "3.14"]
[White "Schneider, Waldemar"]
[Black "Pfeilsticker, Thorsten"]
[Result "0-1"]
[WhiteElo "1818"]
[BlackElo "1560"]
[PlyCount "88"]
[EventDate "2016.??.??"]
[WhiteTeam "SC Pforzheim"]
[BlackTeam "SV Stuttgart-Wolfbusch"]

1. d4 b5 2. e3 Bb7 3. Nf3 a6 4. c4 bxc4 5. Bxc4 e6 6. O-O Nf6 7. Nc3 Be7 8. Bd2
c5 9. dxc5 Bxc5 10. Nd4 Qc7 11. Be2 Bxd4 12. exd4 Nc6 13. Bg5 Ne7 14. Bf3 Ned5
15. Rc1 Qb8 16. Re1 h6 17. Bxf6 Nxf6 18. d5 O-O 19. dxe6 dxe6 20. Bxb7 Qxb7 21.
Qe2 Rfd8 22. h3 Rd6 23. b3 Rad8 24. Ne4 Nxe4 25. Qxe4 Qxe4 26. Rxe4 Rd2 27. Ra4
R8d6 28. Rc8+ Kh7 29. Ra8 Rc2 30. R8xa6 Rd1+ 31. Kh2 Rxf2 32. Kg3 Rdd2 33. h4
Rxg2+ 34. Kf3 e5 35. Ra7 f5 36. R4a6 e4+ 37. Ke3 Rd3+ 38. Kf4 Rf3+ 39. Ke5 e3
40. Re7 e2 41. Kd5 f4 42. Rae6 Rd3+ 43. Kc4 Rd2 44. a4 f3 0-1

[Event "Int. Stuttgarter Stadtmeisterschaft B"]
[Site "Ditzingen"]
[Date "2016.05.06"]
[Round "3.15"]
[White "Langer, Helmut"]
[Black "Engelhardt, Frank"]
[Result "0-1"]
[WhiteElo "1577"]
[BlackElo "1807"]
[PlyCount "70"]
[EventDate "2016.??.??"]
[WhiteTeam "SC Magstadt"]
[BlackTeam "SC Botnang"]

1. Nc3 Nf6 2. e4 e5 3. Bc4 Nc6 4. f4 Bb4 5. d3 O-O 6. Nf3 d5 7. exd5 Nxd5 8.
Bxd5 Qxd5 9. O-O Bxc3 10. bxc3 Qc5+ 11. Kh1 Qxc3 12. Bd2 Qb2 13. fxe5 Bg4 14.
Rb1 Qxa2 15. Rxb7 Nxe5 16. Rxc7 Rac8 17. Rxc8 Rxc8 18. Qa1 Qxa1 19. Rxa1 Nxf3
20. gxf3 Bxf3+ 21. Kg1 Rxc2 22. Rc1 Rxc1+ 23. Bxc1 Kf8 24. Be3 a5 25. Kf2 Bd5
26. Bc5+ Ke8 27. Ke3 Kd7 28. Bf8 g6 29. Kd4 Ke6 30. Bh6 f6 31. h4 a4 32. Bc1 h5
33. Kc5 g5 34. hxg5 fxg5 35. Bxg5 a3 0-1

[Event "Int. Stuttgarter Stadtmeisterschaft B"]
[Site "Ditzingen"]
[Date "2016.05.06"]
[Round "3.16"]
[White "Yi, Wendy"]
[Black "Lehmann, Joachim"]
[Result "1/2-1/2"]
[WhiteElo "1559"]
[BlackElo "1806"]
[PlyCount "70"]
[EventDate "2016.??.??"]
[WhiteTeam "SF Kornwestheim"]
[BlackTeam "Ilmenauer SV"]

1. e4 d5 2. exd5 Qxd5 3. Nc3 Qd6 4. d4 Nf6 5. Bc4 c6 6. Nge2 Bg4 7. f3 Bf5 8.
Bf4 Qd8 9. Ng3 Bg6 10. Nge4 e6 11. Bg5 Be7 12. Bxf6 Bxf6 13. Nxf6+ Qxf6 14. O-O
O-O 15. Ne4 Qe7 16. c3 Nd7 17. Qe2 Rfe8 18. Qf2 Nb6 19. Bb3 e5 20. dxe5 Qxe5
21. Rfe1 Qc7 22. Rad1 Re5 23. Nd6 Re7 24. Qh4 Rxe1+ 25. Qxe1 Rd8 26. Qe5 Nc8
27. Nc4 Rxd1+ 28. Bxd1 Qe7 29. Bb3 Kf8 30. Qxe7+ Kxe7 31. Ne5 Kf6 32. Nxg6 Kxg6
33. Kf2 Kf6 34. Ke3 Ke7 35. Kd4 b6 1/2-1/2

[Event "Int. Stuttgarter Stadtmeisterschaft B"]
[Site "Ditzingen"]
[Date "2016.05.06"]
[Round "3.17"]
[White "Bauer, Frank"]
[Black "Hahn, Martin"]
[Result "1/2-1/2"]
[WhiteElo "1490"]
[BlackElo "1784"]
[PlyCount "38"]
[EventDate "2016.??.??"]
[WhiteTeam "SC Feuerbach"]
[BlackTeam "SF Oeffingen"]

1. Nf3 d5 2. c4 d4 3. g3 Nc6 4. Bg2 e5 5. O-O Nf6 6. d3 Bc5 7. Na3 O-O 8. Nc2
Re8 9. e3 Bg4 10. exd4 exd4 11. Bd2 a5 12. a3 a4 13. Bb4 Qd6 14. Qd2 h6 15.
Bxc5 Qxc5 16. Rfe1 Rad8 17. Rxe8+ Rxe8 18. Re1 Rxe1+ 19. Nfxe1 Nh7 1/2-1/2

[Event "Int. Stuttgarter Stadtmeisterschaft B"]
[Site "Ditzingen"]
[Date "2016.05.06"]
[Round "3.18"]
[White "Kelemen, Alexander"]
[Black "Uhlarz, Jörg"]
[Result "1-0"]
[WhiteElo "1723"]
[BlackElo "1592"]
[PlyCount "63"]
[EventDate "2016.??.??"]
[WhiteTeam "SC Weiße Dame Ulm"]
[BlackTeam "SC Mühlacker"]

1. d4 d5 2. c4 e6 3. Nc3 f5 4. e3 Nf6 5. Bd3 c6 6. Qc2 Bb4 7. Nge2 O-O 8. f3
Qe8 9. O-O Na6 10. a3 Ba5 11. b4 dxc4 12. Bxc4 Bd8 13. Qxf5 Nc7 14. Qc2 a5 15.
Bd2 b5 16. Bd3 Be7 17. Ne4 Nfd5 18. Nc5 Rf6 19. Bxh7+ Kh8 20. Bd3 Bd6 21. e4
Rh6 22. Bxh6 Qh5 23. Ng3 Bxg3 24. hxg3 Qxh6 25. exd5 Nxd5 26. Qc1 Qf6 27. Qb2
Qg5 28. Qf2 e5 29. Rae1 axb4 30. Rxe5 Qd8 31. g4 Nf4 32. Qh4+ 1-0

[Event "Int. Stuttgarter Stadtmeisterschaft B"]
[Site "Ditzingen"]
[Date "2016.05.06"]
[Round "3.19"]
[White "Ackermann, Hermann"]
[Black "Ziegler, Michael"]
[Result "1/2-1/2"]
[WhiteElo "1885"]
[BlackElo "1648"]
[PlyCount "125"]
[EventDate "2016.??.??"]
[WhiteTeam "SC Pforzheim"]
[BlackTeam "SF Kornwestheim"]

1. Nf3 d5 2. b3 Nf6 3. Bb2 e6 4. e3 Be7 5. c4 O-O 6. Be2 c5 7. O-O Nc6 8. d4
cxd4 9. exd4 b6 10. Nbd2 Bb4 11. a3 Bxd2 12. Qxd2 Ne4 13. Qf4 g5 14. Qe3 f5 15.
Rac1 Bb7 16. Nd2 f4 17. Qd3 Nxd2 18. Qxd2 Qf6 19. Bf3 Rad8 20. cxd5 exd5 21. b4
Ba6 22. Rfe1 Qd6 23. Bg4 Rf6 24. h3 h6 25. Rc3 Bc4 26. Rcc1 b5 27. Qd1 Kg7 28.
Be2 Re8 29. Bg4 Re7 30. Qd2 Rff7 31. Rxe7 Rxe7 32. Re1 Rxe1+ 33. Qxe1 Qe7 34.
Qd2 Qe4 35. Bf3 Qb1+ 36. Kh2 Ne7 37. h4 Kf6 38. Be2 Nf5 39. hxg5+ hxg5 40. Bd1
Nd6 41. Bf3 Qf5 42. Qd1 Nf7 43. Bg4 Qh7+ 44. Kg1 Nh6 45. Be2 Qe7 46. Bf3 Qe6
47. Qd2 Qf5 48. Qe1 Qe6 49. Qxe6+ Kxe6 50. g4 fxg3 51. fxg3 Kf5 52. Kf2 g4 53.
Bg2 Nf7 54. Ke3 Nd6 55. Bc3 Ba2 56. Bf1 Bb1 57. Be2 Be4 58. Be1 Nc4+ 59. Bxc4
dxc4 60. Bc3 Bf3 61. Bd2 Ke6 62. Kf4 a6 63. Ke3 1/2-1/2

[Event "Int. Stuttgarter Stadtmeisterschaft B"]
[Site "Ditzingen"]
[Date "2016.05.06"]
[Round "3.20"]
[White "Kappus, Holger"]
[Black "Wezel, Sebastian"]
[Result "1/2-1/2"]
[WhiteElo "1652"]
[BlackElo "1870"]
[PlyCount "58"]
[EventDate "2016.??.??"]
[WhiteTeam "SC Pforzheim"]
[BlackTeam "SV Dettingen Erms"]

1. b3 g6 2. Bb2 Nf6 3. Nf3 Bg7 4. e3 c5 5. c4 O-O 6. Be2 Nc6 7. O-O Re8 8. d3
h6 9. Qd2 b6 10. Nc3 d5 11. Nxd5 Nxd5 12. Bxg7 Kxg7 13. cxd5 Qxd5 14. Qc3+ e5
15. Nd2 Bb7 16. Bf3 Qe6 17. Be2 Kg8 18. Rfe1 Rad8 19. a3 Qd5 20. Rad1 Nd4 21.
Ne4 Nxe2+ 22. Rxe2 Re6 23. f3 f5 24. Ng3 Qd7 25. Red2 h5 26. e4 f4 27. Ne2 Qe7
28. Qc4 Kh7 29. b4 Rc8 1/2-1/2

[Event "Int. Stuttgarter Stadtmeisterschaft B"]
[Site "Ditzingen"]
[Date "2016.05.06"]
[Round "3.21"]
[White "Vuckovic, Nebojsa"]
[Black "Fais, Sami"]
[Result "1/2-1/2"]
[WhiteElo "1626"]
[BlackElo "1827"]
[PlyCount "52"]
[EventDate "2016.??.??"]
[WhiteTeam "SV Reutlingen"]
[BlackTeam "VfL Sindelfingen"]

1. c3 d6 2. Qc2 e5 3. e4 Nf6 4. Be2 Nc6 5. d3 g6 6. h3 h5 7. Nf3 Bg7 8. Be3 Qe7
9. Nbd2 d5 10. a3 dxe4 11. dxe4 Be6 12. Bb5 Bd7 13. O-O Bh6 14. Bxh6 Rxh6 15.
Nc4 O-O-O 16. b4 g5 17. Nh2 a6 18. Bxc6 Bxc6 19. Nd2 g4 20. h4 g3 21. fxg3 Rg6
22. Rf3 Rxd2 23. Qxd2 Nxe4 24. Qe3 Nd6 25. Rf2 Ne4 26. Rf3 f6 1/2-1/2

[Event "Int. Stuttgarter Stadtmeisterschaft B"]
[Site "Ditzingen"]
[Date "2016.05.06"]
[Round "3.22"]
[White "Grünert, Thomas"]
[Black "Schmedemann, Jörg"]
[Result "0-1"]
[WhiteElo "1807"]
[BlackElo "1633"]
[PlyCount "102"]
[EventDate "2016.??.??"]
[WhiteTeam "SF Illingen"]
[BlackTeam "SSV Zuffenhausen"]

1. d4 d5 2. Nf3 Nf6 3. e3 e6 4. Bd3 Be7 5. Nbd2 Nbd7 6. b3 c5 7. Bb2 a6 8. a4
b6 9. c4 Bb7 10. Rc1 h6 11. O-O O-O 12. Qc2 cxd4 13. exd4 dxc4 14. Bxc4 Rc8 15.
Qd3 Nd5 16. g3 N7f6 17. Ne5 Nb4 18. Qe2 Nfd5 19. Ne4 Rc7 20. Rfd1 Bf6 21. Nd3
Nc6 22. Nxf6+ Qxf6 23. Ne5 Ncb4 24. Nd3 Nc6 25. Ne1 Ncb4 26. Ba3 Rfc8 27. Nd3
Nxd3 28. Bxd3 Rxc1 29. Bxc1 Nc3 30. Qf1 Qf3 31. d5 Bxd5 32. Bh7+ Kh8 33. Rxd5
Nxd5 34. Bb1 Qxb3 35. Bd2 Qxa4 36. Qd3 Qd1+ 37. Kg2 Nf6 38. Qxa6 Rd8 39. Be3
Qxb1 40. Qxb6 Qxb6 41. Bxb6 Rd2 42. Kh3 Nd5 43. Ba7 g5 44. f3 Kg7 45. Bb8 Kg6
46. g4 f5 47. Kg3 f4+ 48. Kh3 Ne3 49. Bc7 Rf2 50. Bxf4 gxf4 51. g5 h5 0-1

[Event "Int. Stuttgarter Stadtmeisterschaft B"]
[Site "Ditzingen"]
[Date "2016.05.06"]
[Round "3.23"]
[White "Santiago, Nicolas"]
[Black "Krivoborodov, Vasily"]
[Result "1-0"]
[WhiteElo "1785"]
[BlackElo "1629"]
[PlyCount "47"]
[EventDate "2016.??.??"]
[WhiteTeam "SC Kreut"]

1. d4 d5 2. c4 c6 3. Nc3 Nf6 4. cxd5 cxd5 5. Bf4 Nc6 6. e3 a6 7. Bd3 e6 8. Rc1
Bd6 9. Bxd6 Qxd6 10. f4 Bd7 11. Nf3 Qb4 12. Qe2 Rc8 13. O-O O-O 14. Ne5 Ne7 15.
Rf3 Bc6 16. Rh3 Ng6 17. Rf1 Ne7 18. Bxh7+ Nxh7 19. Qh5 Rfe8 20. Qxf7+ Kh8 21.
Rxh7+ Kxh7 22. Rf3 Nf5 23. Rh3+ Nh6 24. Rxh6+ 1-0

[Event "Int. Stuttgarter Stadtmeisterschaft B"]
[Site "Ditzingen"]
[Date "2016.05.06"]
[Round "3.24"]
[White "Rieder, Josef"]
[Black "Steinmassl, Guido"]
[Result "1/2-1/2"]
[WhiteElo "1771"]
[BlackElo "1622"]
[PlyCount "62"]
[EventDate "2016.??.??"]
[WhiteTeam "Stuttgarter SF"]
[BlackTeam "SK Gerlingen"]

1. e4 e5 2. Nf3 Nf6 3. Nc3 d6 4. Be2 c5 5. d3 Be7 6. O-O O-O 7. Bg5 Nc6 8. Qd2
Be6 9. Nd1 b5 10. b3 a6 11. h3 Qc7 12. c4 Rfb8 13. Ne3 Qd8 14. Bxf6 Bxf6 15.
Nd5 Ra7 16. Nxf6+ Qxf6 17. Nh2 Nd4 18. Bg4 Bxg4 19. Nxg4 Qe6 20. f4 exf4 21.
Rxf4 b4 22. Rf2 f6 23. Ne3 a5 24. Nf5 Qe5 25. Nxd4 Qxd4 26. Rb1 Re8 27. Kh1
Rae7 28. Rc1 Qe5 29. Rf5 Qe6 30. Rd5 Qd7 31. Qf2 Qc7 1/2-1/2

[Event "Int. Stuttgarter Stadtmeisterschaft B"]
[Site "Ditzingen"]
[Date "2016.05.06"]
[Round "3.25"]
[White "Strauss, Martin"]
[Black "Awiszus, Thomas"]
[Result "1-0"]
[WhiteElo "1759"]
[BlackElo "1611"]
[PlyCount "115"]
[EventDate "2016.??.??"]
[WhiteTeam "SC Sillenbuch"]
[BlackTeam "SK Schmiden/Cannstatt"]

1. e4 e6 2. d4 d5 3. Nd2 dxe4 4. Nxe4 Bd7 5. Nf3 Bc6 6. Bd3 Nd7 7. c3 Ngf6 8.
Bg5 Be7 9. Nxf6+ Bxf6 10. Bf4 Bxf3 11. Qxf3 c6 12. O-O O-O 13. Rfd1 Qb6 14.
Rab1 Rfd8 15. Qg3 Rac8 16. Be3 Qc7 17. Qh3 Nf8 18. g3 e5 19. Bf5 Ra8 20. dxe5
Qxe5 21. Bd4 Qe7 22. Re1 Qd6 23. Be3 Qd5 24. a3 g6 25. Bc2 Ne6 26. Qg4 h5 27.
Qb4 b6 28. Rbd1 Qf3 29. Rxd8+ Rxd8 30. Be4 Qg4 31. Bxc6 Qf5 32. Qe4 Qa5 33. Qb4
Qe5 34. Qe4 Qa5 35. Qc2 Kg7 36. Rd1 Qe5 37. Rxd8 Bxd8 38. Qd3 Qc7 39. Qd7 Qxd7
40. Bxd7 Kf6 41. b4 Ke7 42. Bb5 Kd6 43. Bc4 Bf6 44. Bd2 Ke7 45. f4 Ng7 46. Kg2
Nf5 47. Kf3 Nd6 48. Bd3 Ke6 49. c4 Bb2 50. c5 bxc5 51. bxc5 Nc8 52. Bc4+ Ke7
53. Bb4 f6 54. c6+ Kd8 55. Bf7 g5 56. Bxh5 Kc7 57. fxg5 fxg5 58. Bg4 1-0

[Event "Int. Stuttgarter Stadtmeisterschaft B"]
[Site "Ditzingen"]
[Date "2016.05.06"]
[Round "3.26"]
[White "Old, Stefan"]
[Black "Sax, Leon"]
[Result "1/2-1/2"]
[WhiteElo "1605"]
[BlackElo "1727"]
[PlyCount "57"]
[EventDate "2016.??.??"]
[WhiteTeam "SF Illingen"]
[BlackTeam "SK Sachsenheim"]

1. d4 d5 2. c4 e6 3. Nc3 Nf6 4. e3 c6 5. Nf3 Nbd7 6. cxd5 exd5 7. Bd3 Bd6 8.
O-O O-O 9. Qc2 Re8 10. e4 dxe4 11. Nxe4 Nxe4 12. Bxe4 h6 13. h3 Nf6 14. Bd3 Be6
15. Bd2 Nd5 16. a3 Qf6 17. Be4 Nf4 18. Rfe1 Bd5 19. Bxf4 Bxe4 20. Rxe4 Bxf4 21.
Rae1 Kf8 22. Ne5 Bxe5 23. Rxe5 Rxe5 24. Rxe5 Qg6 25. Qxg6 fxg6 26. f3 Re8 27.
Kf2 Rd8 28. Ke3 Kf7 29. Ke4 1/2-1/2

[Event "Int. Stuttgarter Stadtmeisterschaft B"]
[Site "Ditzingen"]
[Date "2016.05.06"]
[Round "3.27"]
[White "Holschke, Christian"]
[Black "Schreiber, Winfried"]
[Result "1-0"]
[WhiteElo "1723"]
[BlackElo "1575"]
[PlyCount "95"]
[EventDate "2016.??.??"]
[WhiteTeam "SC Neckarsulm"]

1. e4 c5 2. Nc3 a6 3. a4 Nc6 4. f4 d6 5. Nf3 Bg4 6. Bc4 Na5 7. Bxf7+ Kxf7 8.
Ng5+ Ke8 9. Qxg4 Nc6 10. Ne6 Nf6 11. Nxd8 Nxg4 12. Nxc6 bxc6 13. O-O g6 14. h3
Nf6 15. d3 Bg7 16. e5 dxe5 17. fxe5 Nd5 18. Nxd5 cxd5 19. Bf4 Rb8 20. b3 Rb6
21. Rae1 h6 22. Be3 d4 23. Bc1 Re6 24. Ba3 Rc6 25. Re2 e6 26. b4 c4 27. b5 axb5
28. axb5 cxd3 29. cxd3 Rb6 30. Bd6 Rxb5 31. Ra2 Bxe5 32. Bxe5 Rxe5 33. Ra8+ Ke7
34. Rxh8 h5 35. Rg8 g5 36. h4 g4 37. Rf4 Rd5 38. Rg5 Kd6 39. Rxd5+ Kxd5 40. g3
Ke5 41. Kf2 Kd5 42. Ke2 Ke5 43. Kd2 Kd5 44. Kc2 Ke5 45. Kb3 Kd5 46. Kb4 Ke5 47.
Kc4 Kd6 48. Rxd4+ 1-0

[Event "Int. Stuttgarter Stadtmeisterschaft B"]
[Site "Ditzingen"]
[Date "2016.05.06"]
[Round "3.28"]
[White "Schreiber, Stephan"]
[Black "Hrsak, Marco"]
[Result "0-1"]
[WhiteElo "1730"]
[BlackElo "1571"]
[PlyCount "42"]
[EventDate "2016.??.??"]
[WhiteTeam "SC Botnang"]
[BlackTeam "SC Kirchheim/Teck"]

1. d4 Nf6 2. Bf4 d6 3. e3 g6 4. Be2 Bg7 5. h3 a6 6. Nf3 Nbd7 7. Nbd2 c5 8. c3
O-O 9. O-O b5 10. a3 c4 11. e4 Bb7 12. e5 Nd5 13. Bh2 dxe5 14. Nxe5 Nxe5 15.
Bxe5 Bxe5 16. dxe5 Qc7 17. Re1 Nf4 18. Bf1 Rad8 19. Qc2 Qc6 20. f3 Qc5+ 21. Kh2
Qf2 0-1

[Event "Int. Stuttgarter Stadtmeisterschaft B"]
[Site "Ditzingen"]
[Date "2016.05.06"]
[Round "3.29"]
[White "Matic, Marijo"]
[Black "Weißenberger, Mario"]
[Result "1-0"]
[WhiteElo "1567"]
[BlackElo "1725"]
[PlyCount "39"]
[EventDate "2016.??.??"]
[WhiteTeam "SC Ostfildern"]
[BlackTeam "Ssg Fils-Lauter"]

1. d4 Nf6 2. e3 e6 3. Bd3 c5 4. Nd2 Nc6 5. c3 a6 6. Ngf3 b5 7. O-O Be7 8. dxc5
Bxc5 9. Ne4 Nxe4 10. Bxe4 d5 11. Bc2 O-O 12. e4 d4 13. e5 Bb7 14. Bxh7+ Kxh7
15. Ng5+ Kg6 16. Qd3+ f5 17. exf6+ Kxf6 18. Ne4+ Kf7 19. Nxc5 Bc8 20. Qf3+ 1-0

[Event "Int. Stuttgarter Stadtmeisterschaft B"]
[Site "Ditzingen"]
[Date "2016.05.06"]
[Round "3.30"]
[White "Lechler, Walter"]
[Black "Kusch, Jacek"]
[Result "1/2-1/2"]
[WhiteElo "1557"]
[BlackElo "1720"]
[PlyCount "68"]
[EventDate "2016.??.??"]
[WhiteTeam "SK Dinkelsbühl"]
[BlackTeam "SV Urach"]

1. e4 c5 2. Nf3 Nc6 3. d4 cxd4 4. Nxd4 Nf6 5. Nc3 a6 6. Be2 e6 7. a3 Be7 8. O-O
O-O 9. Be3 Qc7 10. Qd2 b5 11. Nxc6 dxc6 12. Rfd1 Bb7 13. f3 Rfd8 14. Qe1 c5 15.
Rxd8+ Rxd8 16. Rd1 Bd6 17. g3 h5 18. Bg5 Be7 19. Rxd8+ Qxd8 20. Qd1 Qc7 21. Qd2
b4 22. axb4 cxb4 23. Na4 a5 24. b3 Bc6 25. Be3 Nh7 26. Bb6 Qb7 27. Be3 h4 28.
Kg2 Qb8 29. Bf4 e5 30. Be3 g5 31. g4 Nf8 32. Bxg5 Bxg5 33. Qxg5+ Ng6 34. Bd3
Qd6 1/2-1/2

[Event "Int. Stuttgarter Stadtmeisterschaft B"]
[Site "Ditzingen"]
[Date "2016.05.06"]
[Round "3.31"]
[White "Vaclahovsky, Gerhard"]
[Black "Stegmiller, Dennis"]
[Result "1/2-1/2"]
[WhiteElo "1702"]
[BlackElo "1454"]
[PlyCount "25"]
[EventDate "2016.??.??"]
[WhiteTeam "SK Keres-Augsburg"]
[BlackTeam "TSF Ditzingen"]

1. e4 d6 2. d4 g6 3. Nf3 Bg7 4. Bd3 Nf6 5. c3 O-O 6. Bf4 Nbd7 7. O-O Re8 8. Qc2
e5 9. Bg5 h6 10. Be3 Ng4 11. Bd2 b6 12. h3 Ngf6 13. Na3 1/2-1/2

[Event "Int. Stuttgarter Stadtmeisterschaft B"]
[Site "Ditzingen"]
[Date "2016.05.06"]
[Round "3.32"]
[White "Kobald, Matthias"]
[Black "Butenandt, Svenja"]
[Result "1/2-1/2"]
[WhiteElo "1699"]
[BlackElo "1451"]
[PlyCount "54"]
[EventDate "2016.??.??"]
[WhiteTeam "SV Stuttgart-Wolfbusch"]
[BlackTeam "TV Tegernsee"]

1. e4 d5 2. exd5 Qxd5 3. Nc3 Qd8 4. d4 Nf6 5. h3 Bf5 6. Nf3 h6 7. Bb5+ c6 8.
Bd3 Bxd3 9. Qxd3 e6 10. O-O Be7 11. Bf4 O-O 12. Rad1 Nbd7 13. Rfe1 Nd5 14. Nxd5
cxd5 15. c3 Nb6 16. Bc1 Nc4 17. Nh2 Bg5 18. Qc2 Bxc1 19. Qxc1 Qc7 20. Rd3 Rab8
21. Rg3 Kh7 22. Ng4 b5 23. Ne5 Nxe5 24. Rxe5 b4 25. Rh5 Rh8 26. Rh4 bxc3 27.
Rxc3 Qb6 1/2-1/2

[Event "Int. Stuttgarter Stadtmeisterschaft B"]
[Site "Ditzingen"]
[Date "2016.05.06"]
[Round "3.33"]
[White "Gorb, Eugeniusz"]
[Black "Zou, Kuangda Konrad"]
[Result "1/2-1/2"]
[WhiteElo "1691"]
[BlackElo "1432"]
[PlyCount "52"]
[EventDate "2016.??.??"]
[WhiteTeam "SK Sachsenheim"]
[BlackTeam "SGem Vaihingen-Rohr"]

1. e4 c5 2. Nf3 d6 3. h3 a6 4. Nc3 Nf6 5. Be2 e6 6. O-O Be7 7. d4 cxd4 8. Nxd4
O-O 9. Bd3 Nbd7 10. Re1 b5 11. Nc6 Qe8 12. Bg5 Bb7 13. Nxe7+ Qxe7 14. Ne2 Nc5
15. Ng3 Nxd3 16. cxd3 h6 17. Bd2 Rac8 18. Bb4 Rfd8 19. e5 Ne8 20. exd6 Nxd6 21.
Nf5 Qg5 22. Ng3 Nf5 23. Ne4 Qg6 24. Kh2 Nd6 25. Ng3 Nf5 26. Ne4 Nd6 1/2-1/2

[Event "Int. Stuttgarter Stadtmeisterschaft B"]
[Site "Ditzingen"]
[Date "2016.05.06"]
[Round "3.34"]
[White "Sprenger, Klaus"]
[Black "Kußmann, Alexander"]
[Result "0-1"]
[WhiteElo "1419"]
[BlackElo "1681"]
[PlyCount "101"]
[EventDate "2016.??.??"]
[WhiteTeam "TSF Ditzingen"]
[BlackTeam "SC Aidlingen"]

1. d4 c5 2. Nf3 cxd4 3. Nxd4 e6 4. e3 Nc6 5. Nb3 b6 6. g3 Bb7 7. Bg2 Nf6 8. O-O
Be7 9. c3 O-O 10. N1d2 Qc7 11. Re1 Rad8 12. Qc2 Nb4 13. Qb1 Bxg2 14. cxb4 Bh3
15. Nd4 Qb7 16. e4 Bxb4 17. a3 Bxd2 18. Bxd2 d5 19. Bg5 dxe4 20. Bxf6 gxf6 21.
Qxe4 Qxe4 22. Rxe4 f5 23. Rh4 Bg4 24. Nc6 Rd7 25. Ne5 Rd1+ 26. Rxd1 Bxd1 27.
Rd4 Bb3 28. h4 Bd5 29. Nd7 Rd8 30. Nf6+ Kg7 31. Nxd5 exd5 32. Kf1 Kf6 33. f4
Ke6 34. Ke2 h5 35. b3 Rc8 36. Kd2 Kd6 37. Rd3 Re8 38. Kc3 f6 39. a4 a5 40. b4
Re4 41. bxa5 bxa5 42. Kb3 Rb4+ 43. Ka3 d4 44. Rd2 Kd5 45. Re2 Rc4 46. Rb2 Rc3+
47. Ka2 Rxg3 48. Rb5+ Ke4 49. Rb6 d3 50. Rd6 Re3 51. Kb2 0-1

[Event "Int. Stuttgarter Stadtmeisterschaft B"]
[Site "Ditzingen"]
[Date "2016.05.06"]
[Round "3.35"]
[White "Jünk, Stefan"]
[Black "Bueble, Joschua"]
[Result "1-0"]
[WhiteElo "1673"]
[BlackElo "1343"]
[PlyCount "89"]
[EventDate "2016.??.??"]
[WhiteTeam "SC Leinzell"]
[BlackTeam "SV Stockenhausen-Frommern"]

1. e4 e6 2. d4 d5 3. Nc3 Bb4 4. e5 c5 5. a3 cxd4 6. axb4 dxc3 7. bxc3 Qc7 8.
Qd4 Nc6 9. Bb5 Nge7 10. Nf3 O-O 11. Qe3 Nf5 12. Qf4 Bd7 13. Bd3 Nce7 14. Qd2
Qb6 15. Qe2 d4 16. g4 Qc6 17. c4 Nh4 18. Be4 Nxf3+ 19. Bxf3 Qb6 20. O-O Bc6 21.
Rd1 Bxf3 22. Qxf3 Nc6 23. Qe4 Nxb4 24. Ba3 Rfc8 25. Rxd4 Nxc2 26. c5 Rxc5 27.
Bxc5 Qxc5 28. Rc4 Qxc4 29. Qxc4 Nxa1 30. Qa2 a5 31. Qxa1 a4 32. Qb2 Rb8 33. Qb5
h6 34. Qxa4 b5 35. Qa7 Rd8 36. Qe7 Rd5 37. f4 Rd4 38. Qe8+ Kh7 39. Qxf7 b4 40.
Qxe6 Rxf4 41. Kg2 Rd4 42. h4 Rd2+ 43. Kf1 Rb2 44. Qf5+ Kg8 45. e6 1-0

[Event "Int. Stuttgarter Stadtmeisterschaft B"]
[Site "Ditzingen"]
[Date "2016.05.06"]
[Round "3.37"]
[White "Domingos, Antonio"]
[Black "Meinecke, Klaus-Hinrich"]
[Result "1-0"]
[WhiteElo "1659"]
[BlackElo "1783"]
[PlyCount "125"]
[EventDate "2016.??.??"]
[BlackTeam "TSV Münchingen"]

1. e4 c5 2. Nf3 d6 3. d4 cxd4 4. Nxd4 Nf6 5. Nc3 a6 6. Bc4 e6 7. Bg5 h6 8. Bh4
Be7 9. Qe2 b5 10. Bb3 O-O 11. O-O-O Qc7 12. f4 Nh7 13. Bg3 b4 14. Na4 Bd7 15.
Kb1 Nc6 16. Qc4 Rfc8 17. Nxc6 Bxc6 18. Qxb4 d5 19. Qb6 Bxa4 20. Qxc7 Rxc7 21.
Bxa4 Rc4 22. Bb3 Rxe4 23. f5 a5 24. fxe6 fxe6 25. Rhe1 Rxe1 26. Rxe1 Kf7 27. c3
a4 28. Bd1 Bf6 29. Bh5+ Ke7 30. Bf3 Kd7 31. Rd1 Ng5 32. Bg4 Ne4 33. Rxd5+ Ke7
34. Rd3 Nxg3 35. Rxg3 Ra6 36. Re3 e5 37. Re4 g6 38. a3 h5 39. Bd1 Ke6 40. Bxa4
Kf5 41. Bc2 Ke6 42. h3 g5 43. g4 h4 44. Bb3+ Kd6 45. a4 Rb6 46. Kc2 Ra6 47. Re2
Kc5 48. Rd2 Rd6 49. Rxd6 Kxd6 50. Kd3 Bd8 51. Bc4 Bb6 52. b4 Bf2 53. a5 Kc6 54.
Bb3 Be1 55. Ba4+ Kb7 56. Kc4 e4 57. Bd1 Bf2 58. b5 Bg1 59. Kd5 e3 60. c4 Bf2
61. c5 Be1 62. Bf3 Bxa5 63. b6 1-0

[Event "Int. Stuttgarter Stadtmeisterschaft B"]
[Site "Ditzingen"]
[Date "2016.05.06"]
[Round "3.38"]
[White "Kobald, Jacqueline"]
[Black "Auterhoff, Jürgen"]
[Result "1/2-1/2"]
[WhiteElo "1559"]
[BlackElo "1772"]
[PlyCount "44"]
[EventDate "2016.??.??"]
[WhiteTeam "SV Stuttgart-Wolfbusch"]
[BlackTeam "SC Pasing"]

1. e4 c6 2. d4 d5 3. Nc3 dxe4 4. Nxe4 Bf5 5. Ng3 Bg6 6. Nf3 Nd7 7. Bd3 Bxd3 8.
Qxd3 Ngf6 9. O-O e6 10. b3 Be7 11. Bb2 O-O 12. c4 Nb6 13. Rad1 Qc7 14. Rfe1
Rad8 15. Qc2 h6 16. Ne4 Nxe4 17. Qxe4 Bf6 18. Bc1 Rfe8 19. Qg4 Kf8 20. Ba3+ Be7
21. Bb2 Bf6 22. Ba3+ Be7 1/2-1/2

[Event "Int. Stuttgarter Stadtmeisterschaft B"]
[Site "Ditzingen"]
[Date "2016.05.06"]
[Round "3.39"]
[White "Dendic, Amar"]
[Black "Gläser, Hartmut"]
[Result "0-1"]
[WhiteElo "1604"]
[BlackElo "1741"]
[PlyCount "123"]
[EventDate "2016.??.??"]
[WhiteTeam "Stuttgarter SF"]
[BlackTeam "PTSV Halle"]

1. e4 c5 2. Nf3 Nc6 3. d4 cxd4 4. Nxd4 e5 5. Nb3 Bb4+ 6. Bd2 Bxd2+ 7. Qxd2 d6
8. Nc3 Nge7 9. O-O-O O-O 10. Qxd6 Qxd6 11. Rxd6 f5 12. Bc4+ Kh8 13. f3 fxe4 14.
fxe4 Bg4 15. h3 Bh5 16. Rd2 a6 17. Nc5 b5 18. Bb3 h6 19. Nd5 a5 20. Nc7 Rac8
21. Nxb5 Nb4 22. Nd7 Rf4 23. Nxe5 Rc5 24. c3 Rxe5 25. cxb4 Rxb5 26. bxa5 Rxa5
27. Kb1 Rxe4 28. Rd8+ Kh7 29. Bc2 Bg6 30. Bxe4 Bxe4+ 31. Ka1 Bxg2 32. Re1 Nf5
33. Rd3 Ra4 34. Rc1 Rh4 35. Rcc3 Rf4 36. a3 Nd4 37. Rc1 Rh4 38. Rcc3 Ne2 39. b4
Nxc3 40. Rxc3 Bxh3 41. b5 Rh5 42. a4 Be6 43. b6 Ra5 44. Ra3 Bc8 45. Kb2 Ra6 46.
a5 Bb7 47. Kc3 g5 48. Kb4 g4 49. Rc3 Kg6 50. Rc7 Bf3 51. b7 Bxb7 52. Rxb7 Kg5
53. Rb6 Ra8 54. a6 h5 55. Kc5 g3 56. Kc6 h4 57. Kb7 Rxa6 58. Kxa6 Kg4 59. Kb5
g2 60. Kc4 h3 61. Kd3 h2 62. Rg6+ 0-1

[Event "Int. Stuttgarter Stadtmeisterschaft B"]
[Site "Ditzingen"]
[Date "2016.05.06"]
[Round "3.40"]
[White "Wohlt, Harald"]
[Black "Limley, Gerhard"]
[Result "1/2-1/2"]
[WhiteElo "1735"]
[BlackElo "1606"]
[PlyCount "36"]
[EventDate "2016.??.??"]
[WhiteTeam "Stuttgarter SF"]
[BlackTeam "SV Dicker Turm Esslingen"]

1. Nf3 Nf6 2. g3 g6 3. Bg2 d5 4. O-O Bg7 5. c4 c6 6. cxd5 cxd5 7. d4 O-O 8. Nc3
Nc6 9. Qb3 e6 10. Rd1 b6 11. Bg5 h6 12. Bf4 Nh5 13. Be3 Nf6 14. Rac1 Ba6 15.
Qc2 Rc8 16. Qd2 Kh7 17. h4 Ne4 18. Nxe4 dxe4 1/2-1/2

[Event "Int. Stuttgarter Stadtmeisterschaft B"]
[Site "Ditzingen"]
[Date "2016.05.06"]
[Round "3.41"]
[White "Sinner, Viktor"]
[Black "Braun, Tobias"]
[Result "0-1"]
[WhiteElo "1533"]
[BlackElo "1732"]
[PlyCount "68"]
[EventDate "2016.??.??"]
[WhiteTeam "TSV/RSK Esslingen"]
[BlackTeam "SSV Zuffenhausen"]

1. e4 c6 2. d4 d5 3. Nc3 dxe4 4. Nxe4 e6 5. Nf3 Nd7 6. Bd3 Ngf6 7. Bg5 Be7 8.
Ng3 O-O 9. O-O c5 10. c4 cxd4 11. Nxd4 a6 12. Nf3 Qc7 13. Rc1 Qa5 14. Bb1 Ne5
15. Be3 Bd7 16. Nxe5 Qxe5 17. Bd4 Qc7 18. Qc2 g6 19. h4 e5 20. Rfe1 Ng4 21. h5
Bg5 22. Be3 Bxe3 23. fxe3 e4 24. Nf1 f5 25. hxg6 hxg6 26. Rcd1 Bc6 27. Re2 Rad8
28. Rd4 Nxe3 29. Qc3 Rxd4 30. Qxd4 Nxf1 31. Kxf1 Rd8 32. Qf6 Rd1+ 33. Re1 Qf4+
34. Ke2 Qd2+ 0-1